000 01087nam a2200265Ia 4500
003 OSt
005 20220923225131.0
006 a|||||r|||| 00| 0
007 ta
008 220922b |||||||| |||| 00| 0 hin d
024 _a258,089
037 _cTextual
040 _aARTS
_cARTS
_bhin
041 _2hin
_ahin
082 _aX:8F, 152L8
100 _aसेठ, प्रफुल्ल कुमार; भारती, रमेश कुमार
_9168402
245 0 _aप्रारंभिक पुस्तपालन तथा लेखाकर्म
246 _aPrāranbhik pustapālan tathā lekhākarma
260 _aदिल्ली
_b दि मैकमिलन कंपनी ऑफ इंडिया लि0
_c1978
300 _a568पृ.
_ccm.
650 _a भारतीय अर्थव्यवस्था
650 _aअर्थशास्त्र
942 _hX:8F, 152L8
_cTEXL
_2CC
999 _c376298
_d376298